Focus : The future of your company depends on it

Sparad:
Bibliografiska uppgifter
Huvudupphovsman: Ries, Al
Materialtyp: Bok
Språk:Undetermined
Publicerad: New York HarperBusiness 1996
Ämnen:
Taggar: Lägg till en tagg
Inga taggar, Lägg till första taggen!
Thư viện lưu trữ: Trung tâm Học liệu Trường Đại học Cần Thơ
LEADER 00532nam a2200205Ia 4500
001 CTU_87981
008 210402s9999 xx 000 0 und d
082 |a 658.820 
082 |b R559 
100 |a Ries, Al 
245 0 |a Focus : 
245 4 |b The future of your company depends on it 
245 0 |c Al Ries 
260 |a New York 
260 |b HarperBusiness 
260 |c 1996 
650 |a Marketing,Success in business 
650 |x Management 
904 |i M.Laon 
980 |a Trung tâm Học liệu Trường Đại học Cần Thơ